[Event "4NCL (GBR-chT 9394)"]
[Site "Liverpool"]
[Date "1994.03.19"]
[Round "7.4"]
[White "Houska, Miroslav"]
[Black "Kenworthy, Gary"]
[Result "1-0"]
[WhiteElo "2300"]
[BlackElo "2285"]
[PlyCount "157"]
[EventDate "1994.03.19"]
[EventType "team"]
[EventCountry "ENG"]
[WhiteTeam "Slough"]
[BlackTeam "Barbican"]
[WhiteTeamCountry "ENG"]
[BlackTeamCountry "ENG"]

1. d4 Nf6 2. Nf3 g6 3. c4 Bg7 4. Nc3 O-O 5. e4 d6 6. Be2 Nbd7 7. O-O e5 8. Qc2
c6 9. Rd1 Re8 10. d5 cxd5 11. cxd5 a6 12. Nd2 b5 13. b4 Nb6 14. a4 bxa4 15.
Nxa4 Nxa4 16. Rxa4 Nh5 17. Bxh5 gxh5 18. Qc4 Rb8 19. Ra3 Qb6 20. h3 f5 21. exf5
Qxb4 22. Ra4 Qxc4 23. Nxc4 Bxf5 24. Rxa6 Bc2 25. Rd2 Bg6 26. Nxd6 Red8 27. Rb2
Bf8 28. Rxb8 Rxb8 29. Bg5 Rb1+ 30. Kh2 Rd1 31. Ra8 Kg7 32. Ra7+ Kg8 33. Ra8 Kg7
34. Ra7+ Kg8 35. Be7 Bxe7 36. Rxe7 Rxd5 37. Nc4 e4 38. h4 Rd4 39. Ne3 Rd2 40.
Kg3 Kf8 41. Rc7 Re2 42. Nd5 Rd2 43. Nf4 Ra2 44. Nd5 Rd2 45. Nf6 Rd3+ 46. Kf4
Rd2 47. Ke3 Rd3+ 48. Ke2 Ra3 49. Nxh7+ Kg8 50. Nf6+ Kf8 51. Nd5 Bf7 52. Nc3 Bg6
53. Ke3 Ra1 54. Kf4 Rf1 55. Kg5 Rxf2 56. Kxg6 e3 57. Rc8+ Ke7 58. Nd5+ Kd7 59.
Nb6+ Ke7 60. Rc3 Rxg2+ 61. Kxh5 e2 62. Re3+ Kf6 63. Nd5+ Kf5 64. Nc3 Rg3 65.
Rxe2 Rxc3 66. Rf2+ Ke6 67. Kh6 Rg3 68. h5 Ke7 69. Kh7 Rg1 70. h6 Rg3 71. Kh8
Rg1 72. h7 Rg3 73. Ra2 Kf6 74. Ra8 Rg1 75. Rf8+ Ke7 76. Rg8 Rh1 77. Kg7 Rg1+
78. Kh6 Rh1+ 79. Kg6 1-0

[Event "4NCL (GBR-chT 9394)"]
[Site "Liverpool"]
[Date "1994.03.19"]
[Round "7.5"]
[White "Lewis, Andrew P"]
[Black "Webb, Richard M"]
[Result "1/2-1/2"]
[WhiteElo "2330"]
[BlackElo "2280"]
[PlyCount "90"]
[EventDate "1994.03.19"]
[EventType "team"]
[EventCountry "ENG"]
[WhiteTeam "Barbican"]
[BlackTeam "Slough"]
[WhiteTeamCountry "ENG"]
[BlackTeamCountry "ENG"]

1. c4 c5 2. Nf3 Nf6 3. d4 cxd4 4. Nxd4 e5 5. Nb5 d5 6. cxd5 Bc5 7. e3 O-O 8.
N5c3 e4 9. Be2 Qe7 10. a3 a5 11. Nd2 Rd8 12. Qc2 Bf5 13. g4 Bg6 14. h4 h6 15.
b3 Nxd5 16. Nxd5 Rxd5 17. Bb2 Nc6 18. Bc4 Rd3 19. Bxd3 exd3 20. Qc4 Bxe3 21.
fxe3 Qxe3+ 22. Kd1 Qe2+ 23. Kc1 Rc8 24. h5 Bh7 25. Bc3 b5 26. Qd5 b4 27. axb4
Ne5 28. Kb2 axb4 29. Qxe5 bxc3+ 30. Qxc3 Bf5 31. gxf5 Rxc3 32. Kxc3 Qe5+ 33.
Kxd3 Qxf5+ 34. Kc3 Qe5+ 35. Kc2 Qf5+ 36. Kc3 Qe5+ 37. Kd3 Qd5+ 38. Ke3 Qg5+ 39.
Ke2 Qe5+ 40. Kf2 Qd4+ 41. Ke2 Qe5+ 42. Kd3 Qf5+ 43. Kd4 Qf6+ 44. Kc4 Qf4+ 45.
Kc3 Qe5+ 1/2-1/2

[Event "4NCL (GBR-chT 9394)"]
[Site "Liverpool"]
[Date "1994.03.19"]
[Round "7.6"]
[White "Smith, Andrew P"]
[Black "Byway, Paul"]
[Result "0-1"]
[WhiteElo "2290"]
[BlackElo "2295"]
[PlyCount "126"]
[EventDate "1994.03.19"]
[EventType "team"]
[EventCountry "ENG"]
[WhiteTeam "Slough"]
[BlackTeam "Barbican"]
[WhiteTeamCountry "ENG"]
[BlackTeamCountry "ENG"]

1. e4 e6 2. d4 d5 3. Nc3 Nf6 4. e5 Nfd7 5. Qh5 c5 6. Nf3 cxd4 7. Nxd4 g6 8. Qg4
Nxe5 9. Qg3 Bg7 10. Bf4 Nbc6 11. Nxc6 Nxc6 12. Bd6 Qa5 13. O-O-O Bxc3 14. bxc3
Bd7 15. Bc7 Qxa2 16. Qd6 Rc8 17. h4 d4 18. Rh3 e5 19. Bb5 Qe6 20. Qxe6+ Bxe6
21. Bxc6+ bxc6 22. Bxe5 f6 23. Bxf6 O-O 24. Bxd4 Bxh3 25. gxh3 Rfd8 26. Bxa7
Rxd1+ 27. Kxd1 h5 28. Ke2 Kf7 29. Kf3 Ra8 30. Bd4 Ra2 31. Ke4 Ke6 32. Kf4 Rxc2
33. Kg5 Kf7 34. Kf4 Re2 35. Kf3 Re1 36. Kf4 Ke6 37. Kg5 Rg1+ 38. Kf4 Rh1 39.
Kg3 Kf5 40. Be3 Rd1 41. f3 Rd3 42. Bd4 Rd2 43. Be3 Re2 44. Bd4 Rc2 45. Bh8 c5
46. Bg7 c4 47. Bh8 Rd2 48. Bg7 Rd7 49. Bh8 Rd3 50. Bg7 Rd2 51. Bh8 Rd7 52. Kf2
g5 53. Kg3 gxh4+ 54. Kxh4 Kf4 55. Bf6 Rd5 56. Bg5+ Kf5 57. Bh6 Rd3 58. Bg7 Rxf3
59. Bh8 Re3 60. Bg7 Kg6 61. Bh8 Re8 62. Bd4 Re4+ 63. Kg3 Rxd4 0-1

[Event "4NCL (GBR-chT 9394)"]
[Site "Liverpool"]
[Date "1994.03.19"]
[Round "7.8"]
[White "Houska, Jovanka"]
[Black "Regan, Natasha"]
[Result "1/2-1/2"]
[WhiteElo "1872"]
[BlackElo "2140"]
[PlyCount "126"]
[EventDate "1994.03.19"]
[EventType "team"]
[EventCountry "ENG"]
[WhiteTeam "Slough"]
[BlackTeam "Barbican"]
[WhiteTeamCountry "ENG"]
[BlackTeamCountry "ENG"]

1. e4 Nf6 2. Nc3 e5 3. Nf3 Nc6 4. Bc4 Bc5 5. d3 d6 6. O-O Bg4 7. h3 Bh5 8. Be3
Bxe3 9. fxe3 Na5 10. Bb3 Nxb3 11. axb3 O-O 12. Qe1 a6 13. Qh4 Bg6 14. Rae1 h6
15. Qf2 Qd7 16. Nh4 Bh7 17. Ne2 d5 18. exd5 Nxd5 19. e4 Nb4 20. Ng3 Qd4 21.
Qxd4 exd4 22. Re2 Rad8 23. Ref2 Rd7 24. Ngf5 Nc6 25. Rf3 Bxf5 26. Nxf5 Kh7 27.
Ng3 g6 28. Ne2 Kg7 29. Nf4 Rb8 30. Rg3 Ne5 31. Nh5+ Kf8 32. Nf6 Rd6 33. Ng4
Nxg4 34. Rxg4 Kg7 35. Rgf4 Rd7 36. Kf2 c5 37. Ke2 Re8 38. Kd2 Re6 39. g4 b5 40.
h4 Re5 41. Rf6 Ra7 42. Rb6 Re6 43. Rxe6 fxe6 44. Ke2 Rf7 45. Rxf7+ Kxf7 46. Kf3
Kf6 47. Kf4 g5+ 48. hxg5+ hxg5+ 49. Kg3 Ke5 50. Kf3 a5 51. Kg3 c4 52. bxc4 bxc4
53. dxc4 Kxe4 54. b3 e5 55. Kf2 d3 56. cxd3+ Kxd3 57. c5 Kd2 58. c6 e4 59. c7
e3+ 60. Kf3 e2 61. c8=Q e1=Q 62. Qd8+ Kc2 63. Qxg5 Qf1+ 1/2-1/2

[Event "4NCL (GBR-chT 9394)"]
[Site "Liverpool"]
[Date "1994.03.19"]
[Round "7.1"]
[White "Littlewood, Paul"]
[Black "Hennigan, Michael"]
[Result "0-1"]
[WhiteElo "2460"]
[BlackElo "2415"]
[PlyCount "110"]
[EventDate "1994.03.19"]
[EventType "team"]
[EventCountry "ENG"]
[WhiteTeam "Covent Garden"]
[BlackTeam "Bristol"]
[WhiteTeamCountry "ENG"]
[BlackTeamCountry "ENG"]

1. d4 Nf6 2. c4 g6 3. Nc3 Bg7 4. e4 d6 5. Nf3 O-O 6. Be2 e5 7. O-O Nc6 8. d5
Ne7 9. Nd2 a5 10. b3 c5 11. dxc6 bxc6 12. Ba3 c5 13. Nf3 Nc6 14. Nb5 Nd4 15.
Nfxd4 exd4 16. e5 dxe5 17. Bxc5 Re8 18. f4 Ne4 19. Ba3 Ba6 20. Bf3 exf4 21. Qd3
f5 22. Rad1 Bxb5 23. cxb5 Rc8 24. Bb2 Nc3 25. Bc6 Nxd1 26. Rxd1 Re3 27. Qc4+
Kh8 28. Bxd4 Bxd4 29. Qxd4+ Qxd4 30. Rxd4 Re2 31. a4 Rb2 32. Rd3 Kg7 33. h4 Kf6
34. Rd7 Rxb3 35. Rxh7 Rb4 36. h5 gxh5 37. Rxh5 Kg6 38. Rh3 Rxa4 39. Rc3 Ra1+
40. Kf2 Ra2+ 41. Kf3 Kg5 42. Rd3 a4 43. Rd7 Ra3+ 44. Ke2 Rb3 45. Rd3 Rxd3 46.
Kxd3 Kf6 47. Kc4 Ke5 48. Kb4 Rxc6 49. bxc6 Kd6 50. Kxa4 Kxc6 51. Kb4 Kd5 52.
Kc3 Ke4 53. Kd2 f3 54. g3 Kd4 55. Kd1 Kd3 0-1

[Event "4NCL (GBR-chT 9394)"]
[Site "Liverpool"]
[Date "1994.03.19"]
[Round "7.2"]
[White "Ansell, Simon T"]
[Black "Harley, Andrew"]
[Result "1/2-1/2"]
[WhiteElo "2290"]
[BlackElo "2315"]
[PlyCount "64"]
[EventDate "1994.03.19"]
[EventType "team"]
[EventCountry "ENG"]
[WhiteTeam "Bristol"]
[BlackTeam "Covent Garden"]
[WhiteTeamCountry "ENG"]
[BlackTeamCountry "ENG"]

1. e4 e6 2. d4 d5 3. Nd2 Nf6 4. e5 Nfd7 5. c3 c5 6. f4 Nc6 7. Ndf3 Qb6 8. h4
Be7 9. a3 a5 10. h5 h6 11. Ra2 a4 12. Be3 cxd4 13. cxd4 f6 14. Rh3 O-O 15. Qc2
f5 16. Bd3 Qa5+ 17. Kf2 Nb6 18. Ne2 Bd7 19. Nh4 Rfc8 20. Qb1 Nc4 21. Qg1 Nxe3
22. Kxe3 Qb6 23. Nf3 Na5 24. Nd2 Nb3 25. Nxb3 Qxb3 26. Qb1 Bb5 27. Kf2 Bxd3 28.
Rxd3 Qc2 29. Qxc2 Rxc2 30. Rc3 Rc8 31. Rxc8+ Rxc8 32. Ke3 Kf7 1/2-1/2

[Event "4NCL (GBR-chT 9394)"]
[Site "Liverpool"]
[Date "1994.03.19"]
[Round "7.3"]
[White "Franklin, Michael J"]
[Black "Baker, Chris"]
[Result "0-1"]
[WhiteElo "2275"]
[BlackElo "2260"]
[PlyCount "68"]
[EventDate "1994.03.19"]
[EventType "team"]
[EventCountry "ENG"]
[WhiteTeam "Covent Garden"]
[BlackTeam "Bristol"]
[WhiteTeamCountry "ENG"]
[BlackTeamCountry "ENG"]

1. c4 e5 2. Nc3 Nf6 3. g3 c6 4. Nf3 e4 5. Nd4 d5 6. cxd5 Qb6 7. e3 cxd5 8. d3
Nc6 9. dxe4 Nxe4 10. Bg2 Bb4 11. Nde2 Be6 12. O-O Rd8 13. Qc2 Nxc3 14. bxc3 Be7
15. Nd4 O-O 16. Nxe6 fxe6 17. c4 Qc5 18. Rb1 Ne5 19. Rxb7 Rb8 20. Rxb8 Rxb8 21.
Bb2 Qxc4 22. Qxc4 Nxc4 23. Bd4 a5 24. Rd1 Bf6 25. Bxf6 gxf6 26. e4 dxe4 27.
Bxe4 Rb2 28. Rd8+ Kf7 29. Rd7+ Kf8 30. a4 f5 31. Rd4 Ne5 32. f4 Rb4 33. Rd8+
Ke7 34. Rh8 Nf7 0-1

[Event "4NCL (GBR-chT 9394)"]
[Site "Liverpool"]
[Date "1994.03.19"]
[Round "7.4"]
[White "Beaumont, Chris"]
[Black "Dunworth, Chris"]
[Result "1-0"]
[WhiteElo "2365"]
[BlackElo "2245"]
[PlyCount "160"]
[EventDate "1994.03.19"]
[EventType "team"]
[EventCountry "ENG"]
[WhiteTeam "Bristol"]
[BlackTeam "Covent Garden"]
[WhiteTeamCountry "ENG"]
[BlackTeamCountry "ENG"]

1. Nf3 d6 2. d4 Bg4 3. e4 Nf6 4. Nc3 e6 5. h3 Bh5 6. g4 Bg6 7. Qe2 c6 8. Bg2 d5
9. Ne5 Bb4 10. Nxg6 hxg6 11. Bd2 Qb6 12. O-O-O Bxc3 13. Bxc3 Qa6 14. Qxa6 Nxa6
15. f3 Rc8 16. Rhe1 Kd8 17. Bd2 b5 18. Bg5 Kc7 19. a4 b4 20. Re3 Kb6 21. Rb3
Ka5 22. c3 bxc3 23. bxc3 Rb8 24. Kc2 Rxb3 25. Kxb3 Rb8+ 26. Kc2 c5 27. Bxf6
gxf6 28. exd5 exd5 29. dxc5 Nxc5 30. Rxd5 Kb6 31. Rd6+ Ka5 32. Rxf6 Nxa4 33.
Bf1 Rb2+ 34. Kc1 Rb6 35. Rxf7 Nxc3 36. Rxa7+ Kb4 37. Kd2 Rd6+ 38. Ke3 Re6+ 39.
Kf4 Rf6+ 40. Kg3 Nd5 41. Ra6 Nb6 42. g5 Rd6 43. Bd3 Kc3 44. Be4 Kd4 45. h4 Ke5
46. Ra5+ Kd4 47. h5 gxh5 48. g6 Nd7 49. g7 Nf6 50. Rg5 Rd8 51. Bh7 Ke3 52. g8=Q
h4+ 53. Kg2 Rd2+ 54. Kh3 Nxg8 55. Bxg8 Kxf3 56. Bd5+ Kf4 57. Rg4+ Ke5 58. Rg5+
Kf4 59. Rh5 Ke3 60. Rf5 Rd4 61. Rf3+ Ke2 62. Rf5 Ke3 63. Rh5 Rf4 64. Rg5 Kf2
65. Be6 Ke3 66. Bf5 Kf2 67. Bg4 Rf8 68. Re5 Rh8 69. Bh5 Rb8 70. Re2+ Kf1 71.
Kxh4 Rb3 72. Rc2 Ra3 73. Bg4 Rb3 74. Be2+ Ke1 75. Kg4 Ra3 76. Bf3 Ra7 77. Kf4
Ra3 78. Re2+ Kf1 79. Kg3 Rb3 80. Rd2 Re3 {time} 1-0

[Event "4NCL (GBR-chT 9394)"]
[Site "Liverpool"]
[Date "1994.03.19"]
[Round "7.5"]
[White "Goldberg, Jeff"]
[Black "Brooks, Philip"]
[Result "0-1"]
[WhiteElo "2088"]
[BlackElo "2192"]
[PlyCount "60"]
[EventDate "1994.03.19"]
[EventType "team"]
[EventCountry "ENG"]
[WhiteTeam "Covent Garden"]
[BlackTeam "Bristol"]
[WhiteTeamCountry "ENG"]
[BlackTeamCountry "ENG"]

1. d4 e6 2. g3 d5 3. Nf3 Nd7 4. Bg2 Ngf6 5. O-O c6 6. b3 Be7 7. c4 b5 8. a4
bxc4 9. bxc4 Ba6 10. cxd5 cxd5 11. Nfd2 Qb6 12. Nf3 O-O 13. Re1 Rfc8 14. Ba3
Bxa3 15. Rxa3 Rab8 16. Nbd2 Qa5 17. Bf1 Rb2 18. Ra1 Rcc2 19. Nb3 Qb4 20. Nc1
Qc3 21. a5 h6 22. Kg2 Ne4 23. h3 Ndf6 24. Kg1 Nxf2 25. Kxf2 Ne4+ 26. Kg2 Qe3
27. Kh2 Qxf3 28. Bg2 Qxg3+ 29. Kg1 Qe3+ 30. Kh2 Nf2 0-1

[Event "4NCL (GBR-chT 9394)"]
[Site "Liverpool"]
[Date "1994.03.19"]
[Round "7.6"]
[White "Truran, Michael"]
[Black "O'Siochru, Mairead Maura"]
[Result "1-0"]
[WhiteElo "2272"]
[BlackElo "1936"]
[PlyCount "87"]
[EventDate "1994.03.19"]
[EventType "team"]
[EventCountry "ENG"]
[WhiteTeam "Bristol"]
[BlackTeam "Covent Garden"]
[WhiteTeamCountry "ENG"]
[BlackTeamCountry "ENG"]

1. d4 Nf6 2. c4 e6 3. Nf3 Bb4+ 4. Bd2 Qe7 5. g3 O-O 6. Bg2 Bxd2+ 7. Qxd2 d6 8.
Nc3 e5 9. Qc2 Re8 10. O-O a5 11. a3 Nc6 12. d5 Nb8 13. b4 axb4 14. axb4 Rxa1
15. Rxa1 Na6 16. Rb1 Bg4 17. e4 Qd7 18. Ne1 Bh5 19. Bf1 Bg6 20. f3 Nh5 21. c5
Nb8 22. Nd1 c6 23. Ne3 Nf6 24. Rd1 dxc5 25. Qxc5 cxd5 26. Bb5 Rc8 27. Bxd7 Rxc5
28. bxc5 Nbxd7 29. Nxd5 Nxc5 30. Nxf6+ gxf6 31. Rd8+ Kg7 32. g4 h5 33. h3 hxg4
34. hxg4 Kh6 35. Kf2 Kg5 36. Kg3 Ne6 37. Rb8 Nc5 38. Nc2 Kh6 39. Ne3 f5 40.
gxf5 Bh5 41. Nc4 f6 42. Nd6 Nb3 43. Rxb7 Nd2 44. Nf7+ 1-0

[Event "4NCL (GBR-chT 9394)"]
[Site "Liverpool"]
[Date "1994.03.19"]
[Round "7.7"]
[White "Burrows, Martin"]
[Black "Mordue, A Tyson"]
[Result "0-1"]
[WhiteElo "1952"]
[BlackElo "2240"]
[PlyCount "58"]
[EventDate "1994.03.19"]
[EventType "team"]
[EventCountry "ENG"]
[WhiteTeam "Covent Garden"]
[BlackTeam "Bristol"]
[WhiteTeamCountry "ENG"]
[BlackTeamCountry "ENG"]

1. e4 c5 2. Nf3 d6 3. Nc3 Nf6 4. d4 cxd4 5. Nxd4 a6 6. Bg5 e6 7. f4 Be7 8. Qf3
Qc7 9. O-O-O Nbd7 10. g4 b5 11. h4 b4 12. Bxf6 Nxf6 13. Nce2 Bb7 14. Ng3 d5 15.
e5 Nd7 16. g5 g6 17. h5 O-O-O 18. Kb1 Qb6 19. Rh2 Kb8 20. Bd3 Qxd4 21. Bxg6 Qb6
22. Bxf7 Rdf8 23. g6 hxg6 24. hxg6 Rxh2 25. g7 Qd8 26. gxf8=Q Qxf8 27. Bxe6
Nxe5 28. Qe3 Nc4 29. Qg1 Qf6 0-1

[Event "4NCL (GBR-chT 9394)"]
[Site "Liverpool"]
[Date "1994.03.19"]
[Round "7.8"]
[White "Harwar, Julie"]
[Black "Kelly, Paul"]
[Result "1/2-1/2"]
[WhiteElo "2055"]
[BlackElo "1808"]
[PlyCount "56"]
[EventDate "1994.03.19"]
[EventType "team"]
[EventCountry "ENG"]
[WhiteTeam "Bristol"]
[BlackTeam "Covent Garden"]
[WhiteTeamCountry "ENG"]
[BlackTeamCountry "ENG"]

1. d4 Nf6 2. c4 Nc6 3. Nc3 e5 4. d5 Ne7 5. e4 Ng6 6. Bd3 Bc5 7. Nf3 d6 8. b4
Bb6 9. O-O a5 10. Na4 Ba7 11. a3 O-O 12. Bd2 axb4 13. axb4 Bb8 14. c5 Qe7 15.
Qc2 Rd8 16. b5 Bg4 17. cxd6 cxd6 18. b6 Bxf3 19. gxf3 Nh5 20. Kh1 Nhf4 21. Bxf4
Nxf4 22. Rg1 Qd7 23. Nb2 Rxa1 24. Rxa1 Qh3 25. Bf1 Qxf3+ 26. Kg1 Qg4+ 27. Kh1
Qf3+ 28. Kg1 Qg4+ 1/2-1/2

[Event "4NCL (GBR-chT 9394)"]
[Site "Liverpool"]
[Date "1994.03.19"]
[Round "7.1"]
[White "Arkell, Keith C"]
[Black "Ward, Chris"]
[Result "1/2-1/2"]
[WhiteElo "2460"]
[BlackElo "2460"]
[PlyCount "97"]
[EventDate "1994.03.19"]
[EventType "team"]
[EventCountry "ENG"]
[WhiteTeam "North West Eagles"]
[BlackTeam "Invicta Knights"]
[WhiteTeamCountry "ENG"]
[BlackTeamCountry "ENG"]

1. d4 e6 2. c4 Nf6 3. Nf3 c5 4. d5 exd5 5. cxd5 d6 6. Nc3 g6 7. g3 Bg7 8. Bg2
O-O 9. O-O Re8 10. Nd2 a6 11. a4 Nbd7 12. Nc4 Ne5 13. Nxe5 Rxe5 14. Bf4 Re8 15.
Qc2 Nh5 16. Bd2 f5 17. Rab1 a5 18. Rfe1 Bd7 19. e3 Nf6 20. Rbd1 Rc8 21. Ne2 Ne4
22. Bc3 Nxc3 23. bxc3 b5 24. axb5 Bxb5 25. Nf4 Qf6 26. Rc1 Bd7 27. Ne6 a4 28.
e4 fxe4 29. Rxe4 Rb8 30. Rf4 Qxc3 31. Qxc3 Bxc3 32. Rxc3 Rb1+ 33. Bf1 Bb5 34.
Rcf3 h5 35. Rf8+ Rxf8 36. Rxf8+ Kh7 37. Rf7+ Kg8 38. Rf8+ Kh7 39. Rf7+ Kh6 40.
h4 Bxf1 41. Kh2 Ba6 42. Rd7 Rb7 43. Rxd6 Ra7 44. Rc6 a3 45. d6 a2 46. d7 Rxd7
47. Rxa6 Rd6 48. Rxa2 Rxe6 49. Rc2 1/2-1/2

[Event "4NCL (GBR-chT 9394)"]
[Site "Liverpool"]
[Date "1994.03.19"]
[Round "7.2"]
[White "Ivanov, Alex"]
[Black "Quillan, Gary"]
[Result "0-1"]
[WhiteElo "2535"]
[BlackElo "2300"]
[PlyCount "118"]
[EventDate "1994.03.19"]
[EventType "team"]
[EventCountry "ENG"]
[WhiteTeam "Invicta Knights"]
[BlackTeam "North West Eagles"]
[WhiteTeamCountry "ENG"]
[BlackTeamCountry "ENG"]

1. e4 e6 2. d4 d5 3. Nc3 Bb4 4. Qd3 Ne7 5. Nf3 O-O 6. a3 Bxc3+ 7. bxc3 b6 8.
Qe3 Ba6 9. Bd3 Qc8 10. O-O c5 11. Re1 c4 12. Bf1 dxe4 13. Qxe4 Nd7 14. Qh4 Nf5
15. Qh3 Bb7 16. Bf4 Bd5 17. Nh4 Nxh4 18. Qxh4 Re8 19. Re3 Qd8 20. Bg5 f6 21.
Bf4 Nf8 22. Rh3 Qd7 23. a4 Rac8 24. Bc1 Qb7 25. f3 Qf7 26. Ba3 Qg6 27. Qf2 Nd7
28. Rg3 Qf7 29. Re1 Nb8 30. Qd2 Nc6 31. f4 Ne7 32. Bxe7 Rxe7 33. Be2 Qe8 34. a5
bxa5 35. Re3 Rb8 36. Qc1 Reb7 37. Qa3 Qg6 38. Bf3 Bxf3 39. Rxf3 Qxc2 40. Rf2
Qf5 41. Rfe2 Qxf4 42. Rxe6 h6 43. Qa4 Qf5 44. Qxc4 Kh7 45. Qf1 Qxf1+ 46. Kxf1
Rc7 47. Re7 Rxc3 48. Rxa7 Rb5 49. Re2 Rf5+ 50. Ke1 Rd3 51. Re4 Rg5 52. g3 Ra3
53. Re2 a4 54. Kf2 Ra1 55. Ree7 Ra2+ 56. Kf1 Rxh2 57. Rxa4 Rxg3 58. Re2 Rg1+
59. Kxg1 Rxe2 0-1

[Event "4NCL (GBR-chT 9394)"]
[Site "Liverpool"]
[Date "1994.03.19"]
[Round "7.3"]
[White "Horner, Jeff"]
[Black "McDonald, Neil"]
[Result "0-1"]
[WhiteElo "2384"]
[BlackElo "2395"]
[PlyCount "68"]
[EventDate "1994.03.19"]
[EventType "team"]
[EventCountry "ENG"]
[WhiteTeam "North West Eagles"]
[BlackTeam "Invicta Knights"]
[WhiteTeamCountry "ENG"]
[BlackTeamCountry "ENG"]

1. e4 c5 2. Nf3 Nc6 3. Bb5 d6 4. O-O Bd7 5. Re1 a6 6. Bxc6 Bxc6 7. d4 cxd4 8.
Nxd4 Nf6 9. Nxc6 bxc6 10. c4 g6 11. b3 Bg7 12. Bb2 O-O 13. Nc3 Nd7 14. Qd2 Nc5
15. Rad1 Qb6 16. Ba3 Rab8 17. Bxc5 Qxc5 18. Na4 Qa7 19. Qd3 c5 20. Nc3 Bd4 21.
Qh3 e5 22. Kh1 f5 23. exf5 gxf5 24. Nd5 Kh8 25. Re2 Qg7 26. f3 Rbe8 27. g3 Re6
28. Qf1 Rg6 29. Rg2 h5 30. Qe2 f4 31. gxf4 Rg8 32. Rxg6 Qxg6 33. Qf1 Qc2 34.
fxe5 Bxe5 0-1

[Event "4NCL (GBR-chT 9394)"]
[Site "Liverpool"]
[Date "1994.03.19"]
[Round "7.4"]
[White "Clark, Gary M"]
[Black "Littlewood, John E"]
[Result "1/2-1/2"]
[WhiteElo "2312"]
[BlackElo "2320"]
[PlyCount "80"]
[EventDate "1994.03.19"]
[EventType "team"]
[EventCountry "ENG"]
[WhiteTeam "Invicta Knights"]
[BlackTeam "North West Eagles"]
[WhiteTeamCountry "ENG"]
[BlackTeamCountry "ENG"]

1. d4 Nf6 2. c4 g6 3. Nc3 d5 4. cxd5 Nxd5 5. e4 Nxc3 6. bxc3 Bg7 7. Nf3 O-O 8.
Rb1 c5 9. Be2 cxd4 10. cxd4 Qa5+ 11. Bd2 Qxa2 12. O-O a5 13. Re1 a4 14. Qc1 Qe6
15. Bc4 Qd7 16. Ne5 Qxd4 17. Bxf7+ Rxf7 18. Qxc8+ Rf8 19. Qe6+ Kh8 20. Nf7+
Rxf7 21. Qxf7 Nc6 22. Be3 Qxe4 23. Bh6 Qxe1+ 24. Rxe1 Bxh6 25. Ra1 Rf8 26. Qe6
Nd4 27. Qd5 Ne2+ 28. Kf1 Bg7 29. Rxa4 Nc3 30. Qd7 Nxa4 31. Qxa4 Rb8 32. Qd7 Bf6
33. Qc7 Rf8 34. Qxb7 Bd4 35. f3 Bc5 36. Ke2 Bd6 37. h3 Rb8 38. Qd5 Rb2+ 39. Kf1
Rb1+ 40. Ke2 Rb2+ 1/2-1/2

[Event "4NCL (GBR-chT 9394)"]
[Site "Liverpool"]
[Date "1994.03.19"]
[Round "7.5"]
[White "Smith, Alan A"]
[Black "Hanreck, Alan"]
[Result "1-0"]
[WhiteElo "2265"]
[BlackElo "2255"]
[PlyCount "101"]
[EventDate "1994.03.19"]
[EventType "team"]
[EventCountry "ENG"]
[WhiteTeam "North West Eagles"]
[BlackTeam "Invicta Knights"]
[WhiteTeamCountry "ENG"]
[BlackTeamCountry "ENG"]

1. e4 c5 2. Nf3 d6 3. Bb5+ Nd7 4. c3 Ngf6 5. Qe2 Qc7 6. O-O a6 7. Ba4 b5 8. Bc2
e5 9. d3 g6 10. Re1 Bg7 11. Nbd2 O-O 12. Nf1 Bb7 13. Ng3 d5 14. Bd2 Rfe8 15.
Rac1 Rad8 16. h4 c4 17. dxc4 dxe4 18. Ng5 bxc4 19. N5xe4 Nxe4 20. Nxe4 Bxe4 21.
Bxe4 Nc5 22. Bg5 Rd3 23. Rcd1 h6 24. Bc1 Nxe4 25. Rxd3 cxd3 26. Qxe4 Rd8 27.
Bd2 Qb6 28. b3 Qd6 29. h5 f5 30. Qc4+ Kh7 31. hxg6+ Kxg6 32. Re3 Kh7 33. Rh3 e4
34. Qf7 Qg6 35. Qc7 Rf8 36. Rxh6+ Qxh6 37. Bxh6 Kxh6 38. Qd6+ Rf6 39. Qd5 Bf8
40. Kf1 Kg6 41. g4 Bh6 42. Qg8+ Bg7 43. gxf5+ Kh6 44. Qd5 Bf8 45. Qxe4 Rd6 46.
Ke1 d2+ 47. Kd1 Kg7 48. b4 Kf7 49. a4 Bg7 50. b5 axb5 51. axb5 1-0

[Event "4NCL (GBR-chT 9394)"]
[Site "Liverpool"]
[Date "1994.03.19"]
[Round "7.6"]
[White "Bibby, Simon"]
[Black "Tebb, David"]
[Result "1/2-1/2"]
[WhiteElo "2290"]
[BlackElo "2290"]
[PlyCount "63"]
[EventDate "1994.03.19"]
[EventType "team"]
[EventCountry "ENG"]
[WhiteTeam "Invicta Knights"]
[BlackTeam "North West Eagles"]
[WhiteTeamCountry "ENG"]
[BlackTeamCountry "ENG"]

1. d4 Nf6 2. Nf3 g6 3. Bg5 Bg7 4. e3 h6 5. Bh4 d6 6. c4 c5 7. Nc3 Nc6 8. d5 Nb4
9. Be2 O-O 10. Nd2 Rb8 11. a3 Na6 12. a4 Nd7 13. g4 Nb4 14. g5 Ne5 15. Nde4
hxg5 16. Bxg5 f5 17. Ng3 Nf7 18. h4 Nxg5 19. hxg5 e5 20. f4 exf4 21. exf4 Re8
22. Qd2 Bd7 23. Kf1 Qe7 24. Nd1 Kf7 25. Ra3 Rh8 26. Re3 Qf8 27. b3 Bd4 28. Rf3
Qg7 29. Kg2 Rxh1 30. Nxh1 Rh8 31. Ndf2 Rh4 32. Rh3 1/2-1/2

[Event "4NCL (GBR-chT 9394)"]
[Site "Liverpool"]
[Date "1994.03.19"]
[Round "7.7"]
[White "James, David"]
[Black "Dickenson, Neil"]
[Result "0-1"]
[WhiteElo "2255"]
[BlackElo "2232"]
[PlyCount "78"]
[EventDate "1994.03.19"]
[EventType "team"]
[EventCountry "ENG"]
[WhiteTeam "North West Eagles"]
[BlackTeam "Invicta Knights"]
[WhiteTeamCountry "ENG"]
[BlackTeamCountry "ENG"]

1. d4 c5 2. d5 d6 3. c4 e5 4. e4 Nf6 5. Nc3 Be7 6. g3 O-O 7. Bg2 Ne8 8. Nge2 a6
9. O-O Nd7 10. Bd2 g6 11. a4 Ng7 12. Nc1 f5 13. Nd3 Bf6 14. f4 Re8 15. Qc2 exf4
16. Bxf4 Bd4+ 17. Kh1 Ne5 18. Bxe5 dxe5 19. Rae1 Ra7 20. Ne2 fxe4 21. Bxe4 b6
22. b4 Bf5 23. Nc3 Rf7 24. Bg2 cxb4 25. Ne4 a5 26. Qb3 Ref8 27. Ndf2 Bc8 28.
Nd3 Rxf1+ 29. Rxf1 Rxf1+ 30. Bxf1 Bf5 31. Bg2 Ne8 32. Ndf2 Kg7 33. g4 Bd7 34.
Qg3 Bxa4 35. Nd3 b3 36. Nxe5 b2 37. Nd2 Qd6 38. Nef3 Qxg3 39. hxg3 Be3 0-1

[Event "4NCL (GBR-chT 9394)"]
[Site "Liverpool"]
[Date "1994.03.19"]
[Round "7.8"]
[White "Hunt, Harriet"]
[Black "Sheldon, Ruth"]
[Result "0-1"]
[WhiteElo "2135"]
[BlackElo "2040"]
[PlyCount "86"]
[EventDate "1994.03.19"]
[EventType "team"]
[EventCountry "ENG"]
[WhiteTeam "Invicta Knights"]
[BlackTeam "North West Eagles"]
[WhiteTeamCountry "ENG"]
[BlackTeamCountry "ENG"]

1. e4 c5 2. Nf3 Nc6 3. d4 cxd4 4. Nxd4 Qc7 5. Be3 Nf6 6. Nc3 e6 7. Bd3 a6 8. a3
Ne5 9. Be2 b5 10. O-O b4 11. axb4 Bxb4 12. Ndb5 Qb8 13. Ra4 Be7 14. Nd4 Bb7 15.
f4 Ng6 16. Nb3 Bc6 17. Rc4 O-O 18. Qd3 Rc8 19. e5 Nd5 20. Nxd5 exd5 21. Rd4 d6
22. exd6 Qxd6 23. Na5 Bb5 24. c4 dxc4 25. Nxc4 Qc7 26. b3 Bc5 27. Rd5 Bxe3+ 28.
Qxe3 Re8 29. Qd2 Nxf4 30. Rxf4 Rxe2 31. Qxe2 Qxf4 32. Qd1 Re8 33. g3 Qe4 34.
Rd4 Qe7 35. Nd6 Qe3+ 36. Kg2 Be2 37. Qd2 Qf3+ 38. Kh3 Bf1+ 39. Kh4 Qf6+ 40. Kg4
Be2+ 41. Kh3 Bf1+ 42. Kg4 h5+ 43. Kxh5 Be2+ 0-1

[Event "4NCL (GBR-chT 9394)"]
[Site "Liverpool"]
[Date "1994.03.20"]
[Round "8.1"]
[White "Littlewood, Paul"]
[Black "Britton, Richard"]
[Result "0-1"]
[WhiteElo "2460"]
[BlackElo "2305"]
[PlyCount "102"]
[EventDate "1994.03.20"]
[EventType "team"]
[EventCountry "ENG"]
[WhiteTeam "Covent Garden"]
[BlackTeam "Barbican"]
[WhiteTeamCountry "ENG"]
[BlackTeamCountry "ENG"]

1. d4 Nf6 2. c4 g6 3. Nc3 Bg7 4. e4 d6 5. Be2 O-O 6. Nf3 e5 7. O-O Nc6 8. d5
Ne7 9. Ne1 Ne8 10. Be3 f5 11. f3 f4 12. Bf2 g5 13. c5 Ng6 14. a4 Nf6 15. Rc1
Rf7 16. cxd6 cxd6 17. a5 Qxa5 18. Nb5 Bf8 19. Nxa7 Bd7 20. Ra1 Qd8 21. Qb3 g4
22. Bb6 Qe8 23. fxg4 Nxe4 24. Qd3 Ng5 25. Qd2 Bh6 26. Nf3 e4 27. Nxg5 Bxg5 28.
Qb4 f3 29. gxf3 Nf4 30. Bc4 exf3 31. Rae1 Nh3+ 32. Kh1 Qf8 33. Re6 Rf4 34. Qc3
Qg7 35. Qxg7+ Kxg7 36. Rxd6 Bxg4 37. b3 Be7 38. Re6 Bxe6 39. dxe6 Raf8 40. Nb5
R8f5 41. Nd4 Rf8 42. Bd5 Ng5 43. Bxb7 Bd6 44. Rf2 Rb8 45. Nb5 Rxb7 46. Nxd6
Rxb6 47. e7 Rxd6 48. e8=N+ Kg8 49. Nxd6 Rd4 50. Rf1 Rxd6 51. Rg1 Rg6 0-1